000 00677nam a2200205Ia 4500
001 2558
003 GE_BSU
008 181216s||||||||xx |||||||||||||| ||und||
040 _cGE_BSU
080 _a581.9(479.22)
100 _aქვაჩაკიძე, რევაზ.
245 _aსაქართველოს გეობოტანიკური დარაიონება
260 _aთბილისი
260 _bმეცნიერება
260 _c1996
300 _a128 გვ.
541 _h4 ლ.
653 _aსაქართველოს გეობოტანიკური დარაიონება
942 _cBK
999 _c36638
_d36638